000 00205 a2200097 4500
001 22236
100 _aHume, K J
245 _aEngineering metrology
260 _a
_bMacdonald
_c1963
090 _c15181
_d15181
942 _aNUST-CAE
_cM
_c5760
999 _c257309
_d257309